Fashion now.
Salvato in:
| Altri autori: | , |
|---|---|
| Natura: | Libro |
| Pubblicazione: |
Köln, Alemania:
Taschen,
2006.
|
| Soggetti: | |
| Tags: |
Aggiungi Tag
Nessun Tag, puoi essere il primo ad aggiungerne!!
|
MARC
| LEADER | 00000nam a22000007a 4500 | ||
|---|---|---|---|
| 003 | CL-VaPUC | ||
| 005 | 20250321101932.0 | ||
| 008 | 250123t2006 ||||| |||| 00| 0 eng d | ||
| 999 | |c 446780 |d 446778 | ||
| 020 | |a 9783822851838 | ||
| 040 | |c Pontificia Universidad Católica de Valparaíso | ||
| 082 | 7 | |a 746.92 JON 2006 |2 22 | |
| 100 | 1 | |a Jones, Terry |e editor |9 895803 | |
| 245 | |a Fashion now. | ||
| 246 | |a Moda hoy. | ||
| 260 | |a Köln, Alemania: |b Taschen, |c 2006. | ||
| 300 | |a 181 páginas : |b ilustraciones. | ||
| 500 | |a c.1.Instituto Arcos 8-1-2025 | ||
| 583 | |c 20250123 |k GC | ||
| 650 | 0 | |a Alta costura |x Historia |y 2000-2006 |9 895804 | |
| 650 | |a Moda |x Historia |y 2000-2006 |9 895805 | ||
| 700 | |a Rushton, Susie |e editora |9 895806 | ||
| 942 | |2 ddc |c BK |n 0 | ||
| 952 | |0 0 |1 0 |2 ddc |4 0 |6 746_920000000000000_JON_2006 |7 0 |8 A |9 599840 |a BIBINC |b BIBINC |d 2025-01-23 |e Instituto Arcos |i 5664752 |l 1 |o 746.92 JON 2006 |p 5664752 |r 2025-04-07 |s 2025-03-31 |t 1 |w 2025-01-23 |y BK |k IFP | ||